000 01167nam a2200313 i 4500
003 EG-GICUC
005 20260409170811.0
008 260409s1951 fr |||fr|||| 00| 0 fre d
040 _aEG-GiCUC
_bfre
_cEG-GiCUC
_dEG-GiCUC
_eRda
082 0 4 _221
_a343.38
_bMI . S
092 0 4 _221
099 _aLaw1 10 343.38 MI . S 1951
100 1 _aMimin, Pierre
_eAuteur
245 1 3 _aLe Style Des Jugements :
_bVocabulaire Construction Dialectique Formes Juridiques /
_cPierre Mimin, Préface De M. Pierre Bouchardonation.
250 _aTroisième Édition
_bLa Deuxième Édition De Cet Ouvrage a Été Couronnée Par L'académie Des Sciences Morales Et Politiques
264 1 _aParis :
_bLibrairies Techniques,
_c1951
300 _a392 page;
_c 24 cm.
336 _2rda contenu
_a texte
337 _2rda medias
_aOrdinateur
338 _2 transporteur rda
_a Ressource en ligne
500 _aIndex
650 1 _aDécisions Pénales
_2qrmak
650 1 _aDroit De Pénal
_2qrmak
651 1 _2qrmak
700 1 _aBouchardonation, M. Pierre
_ePrésident
856 4 0 _uhttps://fll.law.cu.edu.eg/fulltext/bks/B10-08650.pdf
905 _a54
942 _2ddc
_cBK
_e21
_n0
999 _c69899
_d69899